000
00252nam a2200097Ia 4500
001
640839
005
20250826153455.0
008
250824s9999 xx 000 0 und d
245
0
_a
SESSİZ ÇAYIR IN UYUYANLARI
_c
MEHMET BALTAOĞLU
260
_b
GENÇ TİMAŞ
999
_c
640839
_d
640839